Best Footballers 2019season - Statistics

General Stats
  • This quiz has been taken 55 times
  • The average score is 13 of 24
Answer Stats
Answer % Correct
24 Greizmann
100%
2 Messi
98%
1 Ronaldo
98%
6 Neymar
77%
9 Aguero
73%
3 Salah
73%
11 Mbappe
70%
20 Modric
66%
5 Suarez
66%
22 De bruyne
59%
4 Lewandowski
59%
17 Mane
59%
10 Hazard
57%
8 Pogba
55%
12 Dybala
52%
18 Kane
50%
16 Cavani
48%
19 De gea
48%
23 David Silva
30%
14 Aubameyang
27%
15 Sane
27%
7 Isco
16%
21 Marcelo
14%
13 Van Djik
5%
No matching quizzes found
Score Distribution
Percent of People with Each Score
Percentile by Number Answered
Your Score History
You have not taken this quiz